[Event "Minsk Kupreichik Memorial op"]
[Site "Minsk"]
[Date "2023.04.25"]
[Round "7"]
[White "Sheremet, Anton"]
[Black "Tsaruk, Maksim"]
[Result "1/2-1/2"]
[WhiteElo "2060"]
[BlackElo "2371"]
[PlyCount "88"]
[EventDate "2023.04.21"]
[EventType "swiss"]
[EventRounds "7"]
[EventCountry "BLR"]
[SourceTitle "CBM 214 Extra"]
[Source "ChessBase"]
[SourceDate "2023.07.31"]
[SourceVersion "1"]
[SourceVersionDate "2023.07.31"]
[SourceQuality "1"]

1. e4 e5 2. Nf3 Nc6 3. Bc4 Nf6 4. d3 Be7 5. Nc3 d6 6. a3 0-0 7. Bg5 Bg4 8. Bxf6 Bxf6 9. h3 Bxf3 10. Qxf3 Nd4 11. Qd1 c6 12. 0-0 Qb6 13. Rb1 Rad8 14. Ba2 Qc5 15. Bc4 Bg5 16. b4 Qb6 17. a4 a5 18. bxa5 Qxa5 19. Ne2 Nxe2+ 20. Qxe2 b6 21. g3 Bd2 22. Bb3 Kh8 23. Rbd1 Bc3 24. f4 f5 25. Be6 fxe4 26. dxe4 exf4 27. gxf4 Qxa4 28. Rd3 Rde8 29. Rxc3 Rxe6 30. Qc4 Qxc4 31. Rxc4 c5 32. f5 Re5 33. Rb1 Rb8 34. Ra4 h5 35. Rd1 b5 36. Ra7 Rd8 37. Kh1 d5 38. Rg1 dxe4 39. Rgxg7 Rxf5 40. Rh7+ Kg8 41. Rag7+ Kf8 42. Ra7 Kg8 43. Rag7+ Kf8 44. Ra7 Kg8 1/2-1/2

[Event "Minsk Kupreichik Memorial op"]
[Site "Minsk"]
[Date "2023.04.24"]
[Round "6"]
[White "Litvinenko, Alexander"]
[Black "Sheremet, Anton"]
[Result "1/2-1/2"]
[WhiteElo "1962"]
[BlackElo "2060"]
[PlyCount "130"]
[EventDate "2023.04.21"]
[EventType "swiss"]
[EventRounds "7"]
[EventCountry "BLR"]
[SourceTitle "CBM 214 Extra"]
[Source "ChessBase"]
[SourceDate "2023.07.31"]
[SourceVersion "1"]
[SourceVersionDate "2023.07.31"]
[SourceQuality "1"]

1. d4 f5 2. g3 Nf6 3. h4 c5 4. d5 e5 5. dxe6 d5 6. Nh3 Bxe6 7. Bg2 Nc6 8. Nf4 Qd7 9. c3 Ne4 10. Nd2 0-0-0 11. Nxe4 dxe4 12. Qxd7+ Bxd7 13. Be3 Ne5 14. Bh3 Nc4 15. Bc1 g6 16. Ng2 Bg7 17. Ne3 Ba4 18. 0-0 Ne5 19. Nxf5 gxf5 20. Bxf5+ Kc7 21. Bxe4 Bc6 22. Bc2 h5 23. Bf4 Kd6 24. Bg5 Rde8 25. Rad1+ Kc7 26. Rfe1 Bh6 27. Bf6 Rhg8 28. Bh7 Rxg3+ 29. fxg3 Ng4 30. Bg5 Re7 31. Bg6 Bxg5 32. hxg5 Ne3 33. Bxh5 Nxd1 34. Rxd1 Re5 35. Kf2 Rxg5 36. Bf3 Rf5 37. Rh1 Bd5 38. Rh7+ Kb6 39. g4 Rf8 40. Kg3 Bxa2 41. Rxb7+ Ka6 42. Rc7 Kb6 43. Rc6+ Kb5 44. Rd6 Rb8 45. g5 Ka5 46. Rd2 Ka4 47. Bc6+ Kb3 48. Bd5+ c4 49. g6 Bb1 50. e4 Rb6 51. Kf4 Rxg6 52. Rd4 Kxb2 53. Rxc4 a5 54. Bc6 Bc2 55. e5 Bb3 56. Rc5 a4 57. Kf5 Bc2+ 58. Be4 Bxe4+ 59. Kxe4 Ra6 60. Rb5+ Kc2 61. Rb8 a3 62. Rh8 a2 63. Rh1 Kxc3 64. Kd5 Rh6 65. Ra1 Kb2 1/2-1/2

[Event "Minsk Kupreichik Memorial op"]
[Site "Minsk"]
[Date "2023.04.24"]
[Round "5"]
[White "Sheremet, Anton"]
[Black "Runets, Ivan"]
[Result "0-1"]
[WhiteElo "2060"]
[BlackElo "2176"]
[PlyCount "160"]
[EventDate "2023.04.21"]
[EventType "swiss"]
[EventRounds "7"]
[EventCountry "BLR"]
[SourceTitle "CBM 214 Extra"]
[Source "ChessBase"]
[SourceDate "2023.07.31"]
[SourceVersion "1"]
[SourceVersionDate "2023.07.31"]
[SourceQuality "1"]

1. c4 e6 2. g3 d5 3. Bg2 Nf6 4. Nf3 Be7 5. 0-0 0-0 6. Qc2 c5 7. d3 Nc6 8. Bg5 h6 9. Bxf6 Bxf6 10. cxd5 exd5 11. Nc3 Be6 12. a3 Rc8 13. Qa4 Qb6 14. Rab1 d4 15. Nb5 Rfd8 16. b4 a6 17. bxc5 Qxc5 18. Nd2 axb5 19. Rxb5 Qe7 20. Rfb1 Ra8 21. Qc2 Ra7 22. Ne4 Rd7 23. a4 Rc7 24. h4 g6 25. h5 Bg7 26. hxg6 fxg6 27. Qd2 Nd8 28. a5 Bd7 29. Rb6 Bc6 30. a6 Rxa6 31. Rxa6 bxa6 32. Qa2+ Kh7 33. Qxa6 Bd5 34. Rb8 Nf7 35. f4 Rb7 36. Rxb7 Qxb7 37. Qa5 Kh8 38. Bf3 Qa8 39. Qb4 Qc6 40. Kg2 Qe6 41. Qb8+ Kh7 42. Kh2 Bxe4 43. dxe4 Nd6 44. Qb6 Qe7 45. e5 Bxe5 46. fxe5 Qxe5 47. Qc7+ Kh8 48. Kg2 h5 49. Qb8+ Kg7 50. Qc7+ Nf7 51. Qa7 Kf6 52. Qb6+ Kg5 53. Qa7 Nh6 54. Qa1 Nf5 55. Qe1 Kf6 56. Qf2 Ne3+ 57. Kg1 Kg7 58. Kh1 Kh6 59. Kg1 Qf5 60. Qe1 Qg5 61. Kh2 Qe5 62. Qb4 Nf5 63. Qf8+ Kg5 64. Qd8+ Qe7 65. Qa5 Qd6 66. Kh1 Qxg3 67. Qd8+ Kf4 68. Qe8 Qe1+ 69. Kh2 Qh4+ 70. Kg1 Qf6 71. Qc8 Kg5 72. Qc1+ Ne3 73. Qc5+ Kh6 74. Qc8 g5 75. Qg8 g4 76. Be4 Qf1+ 77. Kh2 g3+ 78. Kxg3 Qg1+ 79. Bg2 Qxg2+ 80. Kf4 Qxg8 0-1

[Event "Minsk Kupreichik Memorial op"]
[Site "Minsk"]
[Date "2023.04.22"]
[Round "2"]
[White "Bulgak, Damir"]
[Black "Sheremet, Anton"]
[Result "0-1"]
[WhiteElo "1550"]
[BlackElo "2060"]
[PlyCount "72"]
[EventDate "2023.04.21"]
[EventType "swiss"]
[EventRounds "7"]
[EventCountry "BLR"]
[SourceTitle "CBM 214 Extra"]
[Source "ChessBase"]
[SourceDate "2023.07.31"]
[SourceVersion "1"]
[SourceVersionDate "2023.07.31"]
[SourceQuality "1"]

1. e4 Nf6 2. e5 Nd5 3. d4 d6 4. Nf3 Nc6 5. c4 Nb6 6. exd6 exd6 7. h3 Be7 8. Bd3 0-0 9. 0-0 Bf6 10. b3 Nxd4 11. Nxd4 c5 12. Nc2 d5 13. cxd5 Qxd5 14. Qe2 Bf5 15. Bxf5 Qxf5 16. Ne3 Qe5 17. Nd2 Qxa1 18. Ne4 Rae8 19. Ng4 Bd4 20. Ba3 Rxe4 21. Qxe4 Qxa2 22. Bc1 Qxb3 23. Qxb7 f5 24. Nh2 Qf7 25. Qa6 h6 26. Nf3 Bf6 27. Be3 Rc8 28. Rc1 Qe7 29. Qa5 Nd7 30. Qxa7 Qd6 31. Qa4 Qe6 32. Rd1 Ne5 33. Nxe5 Bxe5 34. Re1 Bd6 35. Rd1 c4 36. Qa6 Bh2+ 0-1

[Event "Minsk op"]
[Site "Minsk"]
[Date "2022.08.09"]
[Round "7"]
[White "Sheremet, Anton"]
[Black "Kuleba, Ivan"]
[Result "1-0"]
[WhiteElo "2070"]
[BlackElo "1552"]
[PlyCount "109"]
[EventDate "2022.08.03"]
[EventType "swiss"]
[EventRounds "9"]
[EventCountry "BLR"]
[SourceTitle "CBM 209 Extra"]
[Source "ChessBase"]
[SourceDate "2022.09.30"]
[SourceVersion "1"]
[SourceVersionDate "2022.09.30"]
[SourceQuality "1"]

1. f4 d5 2. Nf3 Bg4 3. Ne5 Bf5 4. c4 Nd7 5. Nxd7 Qxd7 6. cxd5 Qxd5 7. Nc3 Qd7 8. e4 Bg4 9. Qb3 0-0-0 10. Bc4 Nf6 11. h3 Be6 12. Bxe6 fxe6 13. 0-0 Qc6 14. Re1 g6 15. d4 Bg7 16. Be3 Nxe4 17. d5 exd5 18. Nb5 Qa6 19. Rac1 c6 20. Bxa7 Kd7 21. Rxe4 Qxb5 22. Rb4 Qa6 23. Rxb7+ Ke8 24. Bc5 Rd7 25. Rb6 Qe2 26. Rxc6 Qxb2 27. Qe3 d4 28. Qe1 Qxa2 29. Re6 Bf8 30. Qe5 Rg8 31. Re1 Rg7 32. Bxd4 Kf7 33. Qe4 Rxd4 34. Qxd4 Qxe6 35. Rxe6 Kxe6 36. Qc4+ Kd7 37. f5 gxf5 38. Qd5+ Ke8 39. Qxf5 Rg6 40. h4 Bg7 41. Qh5 Kf7 42. Qxh7 e6 43. Qh5 Bf6 44. g4 Kg7 45. g5 Be7 46. Kf2 Bd8 47. Kf3 Be7 48. Qg4 Kf7 49. Qf4+ Kg7 50. Kg4 Kg8 51. Qb8+ Kf7 52. Kh5 Rg8 53. Qf4+ Kg7 54. Kg4 Bd8 55. h5 1-0

[Event "Minsk op"]
[Site "Minsk"]
[Date "2022.08.07"]
[Round "5"]
[White "Sheremet, Anton"]
[Black "Siniauski, Artsiom"]
[Result "1-0"]
[WhiteElo "2070"]
[BlackElo "2226"]
[PlyCount "209"]
[EventDate "2022.08.03"]
[EventType "swiss"]
[EventRounds "9"]
[EventCountry "BLR"]
[SourceTitle "CBM 209 Extra"]
[Source "ChessBase"]
[SourceDate "2022.09.30"]
[SourceVersion "1"]
[SourceVersionDate "2022.09.30"]
[SourceQuality "1"]

1. f4 d5 2. Nf3 c5 3. g3 Nc6 4. Bg2 Nf6 5. 0-0 g6 6. d3 Bg7 7. Nc3 0-0 8. e4 dxe4 9. dxe4 Qxd1 10. Rxd1 e5 11. h3 Be6 12. Be3 b6 13. f5 Bc4 14. Rd6 Nd4 15. Nxe5 Ne8 16. Nxc4 Nxd6 17. Nxd6 Nxc2 18. Nd5 gxf5 19. Rc1 Nxe3 20. Nxe3 fxe4 21. Rc2 Bd4 22. Ndf5 Rfe8 23. g4 Rad8 24. Kf2 h5 25. Ke2 hxg4 26. hxg4 Kh7 27. Ng3 Kg6 28. Nxe4 Bxe3 29. Kxe3 Rd1 30. Kf4 Red8 31. Bf3 Rf1 32. Rh2 Rd3 33. Nd2 Rd4+ 34. Ke3 Re1+ 35. Be2 Rd8 36. Nf3 Re8+ 37. Kd2 Ra1 38. a3 Kg7 39. Kc2 Re3 40. Rf2 Rh1 41. Bd3 Rh8 42. Bf5 b5 43. Ng5 b4 44. axb4 cxb4 45. Ne4 a5 46. Nc5 Rd8 47. Rd2 Rb8 48. Rd3 Re1 49. Kb3 Rc1 50. Rd5 Ra1 51. Na4 Ra8 52. Rd7 Kf6 53. Rd5 Ra7 54. Nc5 Ra8 55. Rd6+ Ke5 56. Rd7 Kf6 57. Ne4+ Ke5 58. Nd6 f6 59. Nc4+ Kf4 60. Rd4+ Kg5 61. Nd2 a4+ 62. Kxb4 Rb8+ 63. Kc3 Kh4 64. Nc4 Rb3+ 65. Kc2 Rb4 66. Be6 Re1 67. Nd2 Rxd4 68. Nf3+ Kg3 69. Nxd4 Re4 70. Kd3 Kf4 71. Ne2+ Ke5 72. Bd7 Rb4 73. Kc3 Re4 74. Nc1 Kd6 75. Bf5 Re7 76. Kb4 Rb7+ 77. Ka3 Kd5 78. Ne2 Rb3+ 79. Ka2 Rb4 80. Nc3+ Kd6 81. Ne4+ Ke5 82. Nc5 Kd6 83. Ne4+ Ke5 84. Nc3 Kd6 85. Ka1 Ke5 86. Na2 Rb3 87. Nc1 Rb8 88. Ka2 Kd4 89. Bd7 Ke3 90. Bxa4 Ra8 91. Kb3 Ra7 92. Be8 Kf4 93. Nd3+ Kxg4 94. Kc4 Rc7+ 95. Nc5 f5 96. Kb5 f4 97. Bd7+ Kh4 98. Kb6 Rxd7 99. Nxd7 f3 100. Ne5 f2 101. Nf3+ Kg3 102. Nd2 Kf4 103. b4 Ke3 104. Nf1+ Kf3 105. b5 1-0

[Event "Minsk Bronstein Memorial op"]
[Site "Minsk"]
[Date "2020.02.22"]
[Round "5"]
[White "Sheremet, Anton"]
[Black "Ocokoljic, Zoran"]
[Result "1-0"]
[WhiteElo "2069"]
[BlackElo "2012"]
[PlyCount "67"]
[EventDate "2020.02.22"]
[EventType "swiss (rapid)"]
[EventRounds "10"]
[EventCountry "BLR"]
[SourceTitle "CBM 195 Extra"]
[Source "ChessBase"]
[SourceDate "2020.05.31"]
[SourceVersion "1"]
[SourceVersionDate "2020.05.31"]
[SourceQuality "1"]

1. e4 c5 2. Nc3 Nc6 3. f4 e6 4. Nf3 g6 5. g3 Bg7 6. Bg2 Nge7 7. d3 0-0 8. Be3 d6 9. 0-0 a6 10. Qd2 Nd4 11. Nh4 f5 12. Nd1 e5 13. c3 Ndc6 14. Nf2 exf4 15. Bxf4 Ne5 16. Bh6 Bxh6 17. Qxh6 f4 18. d4 cxd4 19. cxd4 fxg3 20. hxg3 Ng4 21. Nxg4 Bxg4 22. Rxf8+ Qxf8 23. Qg5 Be2 24. Re1 Bb5 25. e5 Nc6 26. Bd5+ Kg7 27. a4 Bd3 28. Bxc6 bxc6 29. Ng2 dxe5 30. Rxe5 Re8 31. Nf4 Bf5 32. Nh5+ Kf7 33. Qf6+ Kg8 34. Rxe8 1-0

[Event "EU-Cup 28th"]
[Site "Eilat"]
[Date "2012.10.15"]
[Round "5.6"]
[White "Sheremet, Anton"]
[Black "Greenfeld, Alon"]
[Result "0-1"]
[WhiteElo "2095"]
[BlackElo "2559"]
[PlyCount "74"]
[EventDate "2012.10.11"]
[EventType "team-swiss"]
[EventRounds "7"]
[EventCountry "ISR"]
[SourceTitle "CBM 151"]
[Source "ChessBase"]
[SourceDate "2012.11.13"]
[SourceVersion "1"]
[SourceVersionDate "2012.11.13"]
[SourceQuality "1"]
[WhiteTeam "Minsk Ladia"]
[BlackTeam "Beer Sheva"]
[WhiteTeamCountry "BLR"]
[BlackTeamCountry "ISR"]

1. c4 Nf6 2. Nc3 c5 3. g3 e6 4. Nf3 Nc6 5. Bg2 d5 6. cxd5 Nxd5 7. 0-0 Be7 8. Nxd5 exd5 9. d4 0-0 10. b3 Bg4 11. dxc5 Bxc5 12. Bb2 d4 13. Rc1 Bb6 14. Rc4 Qe7 15. Qc1 Rfe8 16. Qf4 Qxe2 17. Bxd4 Re4 18. Qxe4 Qxe4 19. Bxb6 Qe2 20. Nd4 Nxd4 21. Bxd4 Bf3 22. Rfc1 h5 23. Bf1 Qe6 24. Bc3 Re8 25. Rf4 Bc6 26. Rd1 b5 27. Rfd4 Qf5 28. R4d3 a6 29. Bd4 f6 30. Rc1 Bb7 31. a4 Rd8 32. f3 Bxf3 33. axb5 axb5 34. Rd2 Qg5 35. Rcc2 Rxd4 36. Rc8+ Kh7 37. Bd3+ g6 0-1

[Event "EU-Cup 28th"]
[Site "Eilat"]
[Date "2012.10.14"]
[Round "4.6"]
[White "Gustafsson, Jan"]
[Black "Sheremet, Anton"]
[Result "1-0"]
[WhiteElo "2622"]
[BlackElo "2095"]
[PlyCount "57"]
[EventDate "2012.10.11"]
[EventType "team-swiss"]
[EventRounds "7"]
[EventCountry "ISR"]
[SourceTitle "CBM 151"]
[Source "ChessBase"]
[SourceDate "2012.11.13"]
[SourceVersion "1"]
[SourceVersionDate "2012.11.13"]
[SourceQuality "1"]
[WhiteTeam "Baden-Baden"]
[BlackTeam "Minsk Ladia"]
[WhiteTeamCountry "GER"]
[BlackTeamCountry "BLR"]

1. d4 Nf6 2. c4 e6 3. Nc3 Bb4 4. Qc2 c5 5. dxc5 Na6 6. a3 Bxc3+ 7. Qxc3 Nxc5 8. b4 Nce4 9. Qc2 Nxf2 10. Kxf2 Ng4+ 11. Ke1 Qf6 12. Qb2 Qf2+ 13. Kd2 Qf4+ 14. Kc2 Qxf1 15. Qxg7 Qf5+ 16. Kb3 Rf8 17. h3 Nf6 18. g4 Qg6 19. Qxg6 fxg6 20. Bh6 Rf7 21. Nf3 Ng8 22. Be3 b5 23. cxb5 Bb7 24. Rhf1 d6 25. Kb2 Bd5 26. Rac1 Rb7 27. a4 Ne7 28. Ng5 a5 29. Nxh7 1-0

[Event "EU-Cup 28th"]
[Site "Eilat"]
[Date "2012.10.12"]
[Round "2.6"]
[White "Sheremet, Anton"]
[Black "Iclicki, Willy"]
[Result "1/2-1/2"]
[WhiteElo "2095"]
[BlackElo "2044"]
[PlyCount "96"]
[EventDate "2012.10.11"]
[EventType "team-swiss"]
[EventRounds "7"]
[EventCountry "ISR"]
[SourceTitle "CBM 151"]
[Source "ChessBase"]
[SourceDate "2012.11.13"]
[SourceVersion "1"]
[SourceVersionDate "2012.11.13"]
[SourceQuality "1"]
[WhiteTeam "Minsk Ladia"]
[BlackTeam "Monte Carlo"]
[WhiteTeamCountry "BLR"]
[BlackTeamCountry "MNC"]

1. e4 c6 2. c4 d5 3. exd5 cxd5 4. cxd5 Nf6 5. Nc3 Nxd5 6. Nf3 e6 7. d4 Nc6 8. Bd3 Be7 9. 0-0 0-0 10. a3 b6 11. Re1 Bb7 12. Bc2 Nxc3 13. bxc3 Bf6 14. Qd3 g6 15. Bh6 Re8 16. Rad1 Qd5 17. c4 Qh5 18. Qe3 Na5 19. Ne5 g5 20. Qh3 Qxh3 21. gxh3 Bg7 22. Bxg7 Kxg7 23. c5 Rec8 24. h4 h6 25. f4 Bd5 26. fxg5 hxg5 27. hxg5 bxc5 28. Rf1 Rc7 29. dxc5 Nc4 30. Nxc4 Bxc4 31. Rf4 Rxc5 32. Rd7 e5 33. Rf2 Be6 34. Re7 e4 35. Bxe4 Rxg5+ 36. Rg2 Rxg2+ 37. Kxg2 Rb8 38. Rxa7 Rb2+ 39. Kg3 Rb3+ 40. Kg2 Rb2+ 41. Kg1 Kf6 42. a4 Ke5 43. Rb7 Ra2 44. Rb4 Bd7 45. h4 Rxa4 46. Rxa4 Bxa4 47. h5 Kf6 48. h6 Bc6 1/2-1/2

[Event "EU-ch U14"]
[Site "Prague"]
[Date "2012.08.21"]
[Round "5"]
[White "Sheremet, Anton"]
[Black "Aleksanyan, Hrant"]
[Result "1-0"]
[WhiteElo "2114"]
[BlackElo "1898"]
[PlyCount "77"]
[EventDate "2012.08.17"]
[EventType "swiss"]
[EventRounds "9"]
[EventCountry "CZE"]
[SourceTitle "CBM 150 Extra"]
[Source "ChessBase"]
[SourceDate "2012.10.19"]
[SourceVersion "1"]
[SourceVersionDate "2012.10.19"]
[SourceQuality "1"]

1. e4 c5 2. Nf3 d6 3. d4 cxd4 4. Nxd4 Nf6 5. Nc3 a6 6. Be2 e5 7. Nb3 Be7 8. 0-0 b6 9. Be3 Bb7 10. f3 Nbd7 11. Rf2 Qc7 12. Bf1 0-0 13. Rd2 Rac8 14. a4 Rfd8 15. Qe1 Nc5 16. Rad1 Nfd7 17. Nc1 Ne6 18. Bxa6 Ndc5 19. Nd5 Bxd5 20. Bxc8 Rxc8 21. exd5 Nf8 22. b3 f5 23. Nd3 Nxd3 24. Rxd3 Nd7 25. c4 Nf6 26. Rc3 e4 27. fxe4 Nxe4 28. Bd4 Nxc3 29. Qe6+ Kh8 30. Bxc3 Rf8 31. Re1 Bg5 32. Qxf5 Qd8 33. Qe4 Qd7 34. Qe6 Qc7 35. Bd4 Qd8 36. g3 Bd2 37. Qe7 Qxe7 38. Rxe7 Bg5 39. Bxg7+ 1-0

[Event "EU-ch U14"]
[Site "Prague"]
[Date "2012.08.20"]
[Round "4"]
[White "Dolana, Andrei Theodor"]
[Black "Sheremet, Anton"]
[Result "1/2-1/2"]
[WhiteElo "2136"]
[BlackElo "2114"]
[PlyCount "80"]
[EventDate "2012.08.17"]
[EventType "swiss"]
[EventRounds "9"]
[EventCountry "CZE"]
[SourceTitle "CBM 150 Extra"]
[Source "ChessBase"]
[SourceDate "2012.10.19"]
[SourceVersion "1"]
[SourceVersionDate "2012.10.19"]
[SourceQuality "1"]

1. e4 e5 2. Nf3 Nc6 3. Bc4 Bc5 4. c3 Nf6 5. d4 exd4 6. cxd4 Bb4+ 7. Bd2 Bxd2+ 8. Nbxd2 d5 9. exd5 Nxd5 10. Qb3 Nce7 11. 0-0 0-0 12. Rfe1 c6 13. Ne4 Qb6 14. Qa3 Qb4 15. Nf6+ gxf6 16. Qxb4 Nxb4 17. Rxe7 b5 18. Bb3 Bg4 19. Ne1 Rad8 20. a3 Nd5 21. Rxa7 Nf4 22. Nc2 Ne2+ 23. Kf1 Nxd4 24. Nxd4 Rxd4 25. f3 Bf5 26. Rd1 Bd3+ 27. Kf2 c5 28. Rc7 c4 29. Bc2 Rfd8 30. Bxd3 Rxd3 31. Rxd3 Rxd3 32. Re7 Rb3 33. Re2 Kg7 34. Rc2 Kg6 35. Kg3 Kg5 36. a4 bxa4 37. Rxc4 f5 38. Rxa4 Rxb2 39. Ra5 f6 40. Ra8 Kg6 1/2-1/2

[Event "Voronezh op 16th"]
[Site "Voronezh"]
[Date "2012.06.16"]
[Round "5"]
[White "Sheremet, Anton"]
[Black "Koba, Igor"]
[Result "1/2-1/2"]
[WhiteElo "2113"]
[BlackElo "2203"]
[PlyCount "89"]
[EventDate "2012.06.12"]
[EventType "swiss"]
[EventRounds "9"]
[EventCountry "RUS"]
[SourceTitle "CBM 149 Extra"]
[Source "ChessBase"]
[SourceDate "2012.08.24"]
[SourceVersion "1"]
[SourceVersionDate "2012.08.24"]
[SourceQuality "1"]

1. c4 Nf6 2. Nc3 g6 3. g3 Bg7 4. Bg2 0-0 5. d4 d6 6. Nf3 Nc6 7. d5 Na5 8. Nd2 c5 9. 0-0 a6 10. a3 Qc7 11. e4 Rb8 12. Qe2 Nd7 13. a4 e5 14. b3 f5 15. exf5 gxf5 16. Bb2 b6 17. Nd1 Nb7 18. f4 Nd8 19. Ne3 exf4 20. Bxg7 Kxg7 21. Rxf4 Ne5 22. Raf1 Ng6 23. Nxf5+ Bxf5 24. Rxf5 Rxf5 25. Rxf5 Nf7 26. Ne4 Qe7 27. Qb2+ Nfe5 28. Ng5 Kg8 29. Ne6 b5 30. cxb5 axb5 31. axb5 Rxb5 32. h4 Nd7 33. h5 Nge5 34. Qc2 Nf7 35. Qe2 Rb4 36. Rf4 Rxf4 37. gxf4 Qh4 38. Qb2 Nf6 39. Qa1 Ne8 40. Qd1 Nh6 41. Qf3 Ng4 42. Bh3 Nef6 43. Kg2 Nh6 44. Qg3+ Qxg3+ 45. Kxg3 1/2-1/2

[Event "BLR-ch U20"]
[Site "Minsk"]
[Date "2012.04.09"]
[Round "3"]
[White "Sheremet, Anton"]
[Black "Kocheev, Aleksandr"]
[Result "0-1"]
[WhiteElo "2120"]
[BlackElo "2347"]
[PlyCount "132"]
[EventDate "2012.04.07"]
[EventType "tourn"]
[EventRounds "9"]
[EventCountry "BLR"]
[EventCategory "2"]
[SourceTitle "CBM 148 Extra"]
[Source "ChessBase"]
[SourceDate "2012.06.22"]
[SourceVersion "1"]
[SourceVersionDate "2012.06.22"]
[SourceQuality "1"]

1. d4 Nf6 2. Nf3 g6 3. c4 Bg7 4. Nc3 d5 5. cxd5 Nxd5 6. e4 Nxc3 7. bxc3 c5 8. Be2 Nc6 9. Be3 Bg4 10. e5 0-0 11. 0-0 Qc7 12. Qa4 a6 13. Rfd1 Rfd8 14. Qb3 Be6 15. Qb2 h6 16. Nd2 Bf5 17. f4 g5 18. Nf3 gxf4 19. Bxf4 e6 20. Qc1 Kh7 21. Nh4 Bg6 22. Nxg6 fxg6 23. Qe3 Ne7 24. Bd3 b5 25. Rac1 Rac8 26. h4 Nf5 27. Qf2 h5 28. Be4 Rf8 29. g3 Rcd8 30. Rc2 Qf7 31. Bg5 Rd7 32. Rcd2 Qg8 33. Qe1 Rc8 34. Qf2 cxd4 35. cxd4 Rc4 36. Qf3 Rf7 37. Rf1 Qb8 38. g4 hxg4 39. Qxg4 Kg8 40. h5 gxh5 41. Qxh5 Qa7 42. Bxf5 exf5 43. e6 Bxd4+ 44. Kg2 Qa8+ 45. Rf3 Rh7 46. Qg6+ Rg7 47. Qxf5 Rc5 48. Qf7+ Rxf7 49. exf7+ Kf8 50. Bh6+ Bg7 51. Bxg7+ Kxg7 52. f8Q+ Qxf8 53. Rxf8 Kxf8 54. Kf3 Ke7 55. Ke4 Ke6 56. Rh2 Rc6 57. Kd3 Kd6 58. a4 b4 59. a5 Rc3+ 60. Kd4 Kc6 61. Rh5 Rc1 62. Kd3 Rc5 63. Rh1 Kb5 64. Ra1 Rc3+ 65. Kd2 Rc7 66. Kd3 b3 0-1

[Event "BLR-ch U20"]
[Site "Minsk"]
[Date "2012.04.08"]
[Round "2"]
[White "Biazliudau, Stanislau"]
[Black "Sheremet, Anton"]
[Result "1/2-1/2"]
[WhiteElo "2192"]
[BlackElo "2120"]
[PlyCount "84"]
[EventDate "2012.04.07"]
[EventType "tourn"]
[EventRounds "9"]
[EventCountry "BLR"]
[EventCategory "2"]
[SourceTitle "CBM 148 Extra"]
[Source "ChessBase"]
[SourceDate "2012.06.22"]
[SourceVersion "1"]
[SourceVersionDate "2012.06.22"]
[SourceQuality "1"]

1. c4 c5 2. Nc3 g6 3. g3 Nc6 4. Bg2 Bg7 5. d3 e6 6. Bf4 Nge7 7. Nb5 Qa5+ 8. Bd2 Qb6 9. Nd6+ Kf8 10. Rb1 Nd4 11. Nxc8 Rxc8 12. b4 d5 13. e3 Ndc6 14. bxc5 Qxc5 15. Rb5 Qa3 16. cxd5 exd5 17. Qb3 Qxb3 18. Rxb3 b6 19. d4 f5 20. Ne2 Kf7 21. Nf4 Rhd8 22. 0-0 Bh6 23. Ne2 Ke6 24. a4 Nb8 25. Rb2 Nd7 26. Rfb1 a6 27. Bb4 Nc6 28. Bd2 Ne7 29. Nc3 Rc7 30. Bf1 Ra8 31. Na2 a5 32. Bb5 Nc8 33. Bf1 Nd6 34. Nc3 Rac8 35. Rb3 Nc4 36. Be1 Bf8 37. Nb5 Rb7 38. Rc1 Rbb8 39. Na7 Rc7 40. Nb5 Rcc8 41. Bg2 Nf6 42. Bf1 Nd7 1/2-1/2

[Event "BLR-ch U20"]
[Site "Minsk"]
[Date "2011.04.22"]
[Round "8"]
[White "Tsyhanchuk, Stanislav"]
[Black "Sheremet, Anton"]
[Result "1/2-1/2"]
[WhiteElo "2345"]
[BlackElo "2078"]
[PlyCount "92"]
[EventDate "2011.04.15"]
[EventType "tourn"]
[EventRounds "9"]
[EventCountry "BLR"]
[EventCategory "2"]
[SourceTitle "CBM 142 Extra"]
[Source "ChessBase"]
[SourceDate "2011.06.27"]
[SourceVersion "1"]
[SourceVersionDate "2011.06.27"]
[SourceQuality "1"]

1. e4 e5 2. Nf3 Nc6 3. Bb5 a6 4. Bxc6 dxc6 5. 0-0 Bg4 6. h3 h5 7. d3 Qf6 8. Nbd2 Ne7 9. Re1 Bd7 10. Nc4 Ng6 11. d4 exd4 12. e5 Qe6 13. Qxd4 c5 14. Qc3 Be7 15. Ng5 Bxg5 16. Bxg5 0-0 17. f4 Ne7 18. Bxe7 Qxe7 19. Qf3 Qh4 20. Qf2 Qxf2+ 21. Kxf2 Be6 22. Ne3 f6 23. exf6 Rxf6 24. Kg3 Raf8 25. Rf1 Kh7 26. a4 Bd7 27. b3 Bc6 28. Rf2 g5 29. Raf1 Re8 30. Nc4 b5 31. axb5 axb5 32. fxg5 Rxf2 33. Rxf2 bxc4 34. Rf7+ Kg8 35. Rxc7 Be4 36. bxc4 Bxc2 37. Rxc5 Re2 38. Kf3 Re6 39. Rc7 Bg6 40. c5 Re5 41. h4 Rf5+ 42. Ke3 Rd5 43. c6 Rd6 44. Kf4 Re6 45. Rc8+ Kg7 46. Rc7+ Kg8 1/2-1/2

[Event "Wch U10"]
[Site "Kemer"]
[Date "2009.11.20"]
[Round "9"]
[White "Sheremet, Anton"]
[Black "Rambaldi, Francesco"]
[Result "0-1"]
[WhiteElo "1864"]
[BlackElo "1770"]
[PlyCount "59"]
[EventDate "2009.11.12"]
[EventType "swiss"]
[EventRounds "11"]
[EventCountry "TUR"]
[SourceTitle "EXT 2010"]
[Source "ChessBase"]
[SourceDate "2010.11.25"]
[SourceVersion "1"]
[SourceVersionDate "2010.11.25"]
[SourceQuality "1"]

1. e4 c5 2. Nf3 e6 3. Nc3 a6 4. d4 cxd4 5. Nxd4 Qc7 6. Be2 Nf6 7. 0-0 Nc6 8. Be3 Be7 9. a4 0-0 10. Rb1 d6 11. f4 Re8 12. Bf3 Rb8 13. g4 Nd7 14. g5 Bf8 15. f5 Nce5 16. Bg2 b6 17. Qh5 g6 18. Qh4 Nc4 19. fxg6 fxg6 20. Rf7 Bg7 21. Rxg7+ Kxg7 22. Qh6+ Kg8 23. Nxe6 Rxe6 24. Nd5 Qd8 25. Bh3 Re7 26. Rf1 Nxe3 27. Be6+ Rxe6 28. Rf7 Kxf7 29. Qxh7+ Ke8 30. Nxe3 0-1

[Event "Wch U10"]
[Site "Kemer"]
[Date "2009.11.14"]
[Round "3"]
[White "Sheremet, Anton"]
[Black "Januszkiewicz, Wojciech"]
[Result "1-0"]
[WhiteElo "1864"]
[BlackElo "1683"]
[PlyCount "51"]
[EventDate "2009.11.12"]
[EventType "swiss"]
[EventRounds "11"]
[EventCountry "TUR"]
[SourceTitle "EXT 2010"]
[Source "ChessBase"]
[SourceDate "2010.11.25"]
[SourceVersion "1"]
[SourceVersionDate "2010.11.25"]
[SourceQuality "1"]

1. e4 c5 2. Nf3 d6 3. d4 cxd4 4. Nxd4 Nf6 5. Nc3 a6 6. Be2 e6 7. 0-0 Qc7 8. Kh1 Nbd7 9. f4 b5 10. e5 dxe5 11. fxe5 Nxe5 12. Bf4 Qc5 13. Bxe5 Qxe5 14. Bf3 Bd6 15. Bc6+ Bd7 16. Nf3 Bxc6 17. Nxe5 Bxe5 18. Qe2 Bd4 19. Rad1 Rd8 20. Rf4 Bb6 21. Rxd8+ Bxd8 22. a4 0-0 23. axb5 axb5 24. Nxb5 Bd5 25. Rf1 Ba5 26. Nd4 1-0